000 00654nam a2200229Ia 4500
008 140626s9999 xx 000 0 und d
100 _aMustafa, Hasrina..
245 _aCovering racial political issues in Malaysia :
_b the effect of news frames on reader's thoughts /
_cHasrina Mustafa... [et al.].
260 _cc2013.
300 _a40 : 1, page 34
440 _aMedia Asia
521 _aMC
650 _aAudience frame.
650 _aAudience perception.
650 _aCommunication.
650 _aMalaysia.
650 _aMalaysian media.
650 _aNews frames.
650 _aPolitics.
650 _aRacial issues.
942 _cSE
999 _c121186
_d121186